Lingüística i poètica i altres assaigs / Roman Jakobson ; traducció de Joan Casas ; edició, selecció i pròleg a cura d'Àlex Broch
Descripción Física:
342 p. ; 19 cm
Colección:
Clàssics del pensament modern ; 46
MARC
| LEADER | 00000nam a2200000Ia 4500 | ||
|---|---|---|---|
| 001 | 8951 | ||
| 008 | 160829s1989 xx 000 0 cat d | ||
| 080 | |a L-1-112 | ||
| 100 | |a Jakobson, Roman |9 32931 | ||
| 245 | |a Lingüística i poètica i altres assaigs / Roman Jakobson ; traducció de Joan Casas ; edició, selecció i pròleg a cura d'Àlex Broch | ||
| 260 | |a Barcelona : |b Edicions 62 : |b Diputació de Barcelona, |c 1989 | ||
| 300 | |a 342 p. ; |c 19 cm | ||
| 490 | |a Clàssics del pensament modern ; 46 | ||
| 650 | |a Lingüística |9 35421 | ||
| 650 | |a Poètica |9 32933 | ||
| 700 | |a Casas, Joan, |d 1950- |e traductor |9 23157 | ||
| 700 | 1 | |a Broch, Àlex, |d 1947- |e editor |9 32934 | |
| 710 | 1 | |a Barcelona (Catalunya : Província). |b Diputació |9 52408 | |
| 901 | |a Arxiu | ||
| 942 | |n 1 |2 udc | ||
| 952 | |0 0 |1 0 |4 0 |6 L1112 |7 1 |9 46150 |a Arxiu |b Arxiu |d 2016-12-01 |l 0 |o L-1-112 |p 8951 |r 2016-12-01 00:00:00 |w 2016-12-01 |y ARXIU | ||
| 999 | |c 49652 |d 49652 | ||